000 00490cam a2200193ua 4500
020 _c30.00
041 _aeng
_h
082 _a658.1
_bSAH/ OF
100 _aSahni, S K .
245 _aOffice organisation and management /
_cS K Sahni.
_hTextual Documents
250 _a3 /
_b.
260 _aNew Delhi :
_bOxford & IBH Publishing company ,
_c1982.
300 _a224 ; .
365 _a30.00
504 _a
700 1 _aSundaresh, G S .
942 _cBK
999 _c2203
_d2203